[Event "España tch 1A 2011"]
[Site "Sabadell ESP"]
[Date "2011.08.29"]
[Round "1.1"]
[White "Moskalenko, Viktor"]
[Black "Glud, Jakob Vang"]
[Result "1/2-1/2"]
[WhiteElo "2591"]
[BlackElo "2496"]
[PlyCount "66"]
[EventDate "2011.08.29"]
[EventType "team"]
[EventRounds "5"]
[EventCountry "ESP"]
[Source "lmi"]
[SourceDate "2011.08.29"]
[WhiteTeam "ESCOLA D,ESCACS DE BARCELONA"]
[BlackTeam "C.A.  BINISSALEM"]

1. c4 Nf6 2. Nc3 e6 3. d4 d5 4. cxd5 exd5 5. Bg5 Be7 6. e3 O-O 7. Bd3 Nbd7 8.
Nge2 Re8 9. O-O c6 10. Qc2 Nf8 11. f3 Be6 12. Rae1 N6d7 13. Bxe7 Qxe7 14. Ng3
Rad8 15. Qf2 Nb6 16. e4 dxe4 17. fxe4 Qb4 18. d5 cxd5 19. a3 Qd6 20. Nb5 Qb8
21. e5 Nc4 22. Bxc4 dxc4 23. Nd6 Ng6 24. Nxe8 Rxe8 25. Qc5 Rd8 26. Nf5 Rd5 27.
Ne7+ Nxe7 28. Qxe7 h6 29. Qh4 b5 30. Qf4 Qd8 31. h3 Rd3 32. Rf3 Rd2 33. Rf2 Rd3
1/2-1/2

[Event "España tch 1A 2011"]
[Site "Sabadell ESP"]
[Date "2011.08.29"]
[Round "1.2"]
[White "Fernandez Romero, Ernesto"]
[Black "Oms Pallisse, Josep"]
[Result "1/2-1/2"]
[WhiteElo "2479"]
[BlackElo "2489"]
[PlyCount "71"]
[EventDate "2011.08.29"]
[EventType "team"]
[EventRounds "5"]
[EventCountry "ESP"]
[Source "lmi"]
[SourceDate "2011.08.29"]
[WhiteTeam "C.A.  BINISSALEM"]
[BlackTeam "ESCOLA D,ESCACS DE BARCELONA"]

1. e4 c6 2. Nc3 d5 3. Nf3 Bg4 4. h3 Bxf3 5. Qxf3 e6 6. d3 Nf6 7. Bd2 Nbd7 8. g4
Bb4 9. g5 Ng8 10. a3 Ba5 11. Qg3 Ne7 12. O-O-O b5 13. exd5 cxd5 14. Nxb5 O-O
15. Bxa5 Qxa5 16. d4 Rfc8 17. Qd3 Qd8 18. Qe3 Ng6 19. Rg1 a6 20. Nc3 Qb6 21.
Na4 Qc6 22. Nc5 Nxc5 23. dxc5 Qxc5 24. Bd3 a5 25. Qg3 Qc7 26. Bxg6 hxg6 27.
Qxc7 Rxc7 28. Rd4 Rac8 29. c3 Rc4 30. Rgd1 f6 31. a4 Kf7 32. Kc2 Ke7 33. R1d3
Kd6 34. gxf6 gxf6 35. b3 Rxd4 36. Rxd4 1/2-1/2

[Event "España tch 1A 2011"]
[Site "Sabadell ESP"]
[Date "2011.08.29"]
[Round "1.3"]
[White "Cruz, Cristhian"]
[Black "Mirzoev, Azer"]
[Result "1/2-1/2"]
[WhiteElo "2470"]
[BlackElo "2415"]
[PlyCount "54"]
[EventDate "2011.08.29"]
[EventType "team"]
[EventRounds "5"]
[EventCountry "ESP"]
[Source "lmi"]
[SourceDate "2011.08.29"]
[WhiteTeam "ESCOLA D,ESCACS DE BARCELONA"]
[BlackTeam "C.A.  BINISSALEM"]

1. d4 d5 2. c4 c6 3. Nf3 Nf6 4. Nc3 a6 5. c5 Bf5 6. Bf4 Nbd7 7. h3 e6 8. e3 Be7
9. Be2 O-O 10. O-O Ne4 11. Nxe4 Bxe4 12. Nd2 Bg6 13. b4 Re8 14. Nb3 Bf6 15. Rc1
e5 16. dxe5 Nxe5 17. Nd4 h6 18. Qb3 Be4 19. Bh2 Nd7 20. Rfd1 Ne5 21. Bf1 Nd7
22. a4 Ne5 23. b5 axb5 24. axb5 Qd7 25. bxc6 bxc6 26. Be2 Ng6 27. Bd6 Ne5
1/2-1/2

[Event "España tch 1A 2011"]
[Site "Sabadell ESP"]
[Date "2011.08.29"]
[Round "1.4"]
[White "Mascaro March, Pedro"]
[Black "Gual Pascual, Antonio"]
[Result "0-1"]
[WhiteElo "2413"]
[BlackElo "2436"]
[PlyCount "104"]
[EventDate "2011.08.29"]
[EventType "team"]
[EventRounds "5"]
[EventCountry "ESP"]
[Source "lmi"]
[SourceDate "2011.08.29"]
[WhiteTeam "C.A.  BINISSALEM"]
[BlackTeam "ESCOLA D,ESCACS DE BARCELONA"]

1. d4 d5 2. c4 c6 3. Nf3 Nf6 4. Nc3 dxc4 5. a4 Bf5 6. e3 e6 7. Bxc4 Bb4 8. O-O
Nbd7 9. Qe2 O-O 10. e4 Bg6 11. e5 Nd5 12. Nxd5 cxd5 13. Bd3 Bh5 14. Qe3 Be7 15.
Bd2 Nb8 16. b4 Bxf3 17. Qxf3 Nc6 18. b5 Nxd4 19. Qg4 Nb3 20. Bh6 g6 21. Rab1
Nc5 22. Bxf8 Bxf8 23. Bc2 Rc8 24. Qe2 Qa5 25. Qe1 Qxe1 26. Rfxe1 b6 27. g3 Nb7
28. Bd1 Rc3 29. Ra1 Bc5 30. Re2 Na5 31. Kg2 Nc4 32. Rc2 Rxc2 33. Bxc2 Nxe5 34.
h3 Kf8 35. a5 bxa5 36. Rxa5 Ke7 37. Kf1 Kd6 38. Bd1 Nd3 39. Ra6+ Bb6 40. Be2
Nc5 41. Ra2 e5 42. h4 f5 43. Rc2 d4 44. Bc4 h6 45. Rd2 Ne4 46. Rc2 Nc3 47. Bf7
g5 48. hxg5 hxg5 49. Bg6 Ke6 50. f3 Nxb5 51. g4 fxg4 52. fxg4 Nd6 0-1

[Event "España tch 1A 2011"]
[Site "Sabadell ESP"]
[Date "2011.08.29"]
[Round "1.1"]
[White "Gyimesi, Zoltan"]
[Black "Genov, Petar"]
[Result "1-0"]
[WhiteElo "2646"]
[BlackElo "2428"]
[PlyCount "47"]
[EventDate "2011.08.29"]
[EventType "team"]
[EventRounds "5"]
[EventCountry "ESP"]
[Source "lmi"]
[SourceDate "2011.08.29"]
[WhiteTeam "MERIDA PATRIMONIO - AJOBLANCO"]
[BlackTeam "CLUB AJEDREZ DE SILLA"]

1. d4 d5 2. c4 c6 3. Nf3 Nf6 4. Nc3 a6 5. c5 Bf5 6. Bf4 Nbd7 7. e3 e6 8. Nd2
Be7 9. Be2 Bg6 10. b4 Kf8 11. g4 h6 12. Bg3 Ne8 13. f4 Nc7 14. Nf3 b6 15. Rc1
Qb8 16. O-O a5 17. cxb6 Nxb6 18. b5 Qb7 19. bxc6 Qxc6 20. Na4 Qe8 21. f5 exf5
22. Nc5 Bxc5 23. Rxc5 fxg4 24. Ne5 1-0

[Event "España tch 1A 2011"]
[Site "Sabadell ESP"]
[Date "2011.08.29"]
[Round "1.2"]
[White "Martinez Villar, Jesus"]
[Black "Spraggett, Kevin"]
[Result "0-1"]
[WhiteElo "2096"]
[BlackElo "2573"]
[PlyCount "54"]
[EventDate "2011.08.29"]
[EventType "team"]
[EventRounds "5"]
[EventCountry "ESP"]
[Source "lmi"]
[SourceDate "2011.08.29"]
[WhiteTeam "CLUB AJEDREZ DE SILLA"]
[BlackTeam "MERIDA PATRIMONIO - AJOBLANCO"]

1. d4 Nf6 2. Nf3 g6 3. g3 Bg7 4. Bg2 c5 5. d5 d6 6. O-O O-O 7. Nc3 Na6 8. e4
Bg4 9. h3 Bxf3 10. Bxf3 Nc7 11. a4 a6 12. Bf4 Nd7 13. Be2 Rb8 14. Qd2 b5 15.
axb5 axb5 16. Ra2 b4 17. Nd1 Nf6 18. Qe3 Re8 19. Bc4 Ra8 20. Rxa8 Qxa8 21. Qd3
Nd7 22. b3 Ne5 23. Qe2 Nxc4 24. Qxc4 Qb7 25. Ne3 Nb5 26. Kg2 Nd4 27. f3 Ra8 0-1

[Event "España tch 1A 2011"]
[Site "Sabadell ESP"]
[Date "2011.08.29"]
[Round "1.3"]
[White "Llanes Hurtado, Miguel"]
[Black "Penades Ordaz, Victor"]
[Result "1-0"]
[WhiteElo "2484"]
[BlackElo "2086"]
[PlyCount "57"]
[EventDate "2011.08.29"]
[EventType "team"]
[EventRounds "5"]
[EventCountry "ESP"]
[Source "lmi"]
[SourceDate "2011.08.29"]
[WhiteTeam "MERIDA PATRIMONIO - AJOBLANCO"]
[BlackTeam "CLUB AJEDREZ DE SILLA"]

1. d4 Nf6 2. c4 g6 3. Nc3 Bg7 4. e4 d6 5. f3 O-O 6. Be3 Nc6 7. Nge2 e5 8. d5
Ne7 9. Qd2 Nd7 10. g4 a5 11. h4 f6 12. h5 Kf7 13. Ng3 b6 14. Be2 Nc5 15. O-O-O
Rg8 16. f4 Ke8 17. hxg6 hxg6 18. f5 gxf5 19. Nxf5 Bxf5 20. gxf5 Kd7 21. Rh7 Qf8
22. Rg1 Bh8 23. Rgh1 Bg7 24. Bd1 Rh8 25. Rxh8 Bxh8 26. Bxc5 dxc5 27. Ba4+ Kd8
28. d6 Nc8 29. Qd5 1-0

[Event "España tch 1A 2011"]
[Site "Sabadell ESP"]
[Date "2011.08.29"]
[Round "1.4"]
[White "Leon Colan, Carlos Edmundo"]
[Black "Zarzo Lopez, Tomas"]
[Result "1/2-1/2"]
[WhiteElo "1981"]
[BlackElo "2297"]
[PlyCount "66"]
[EventDate "2011.08.29"]
[EventType "team"]
[EventRounds "5"]
[EventCountry "ESP"]
[Source "lmi"]
[SourceDate "2011.08.29"]
[WhiteTeam "CLUB AJEDREZ DE SILLA"]
[BlackTeam "MERIDA PATRIMONIO - AJOBLANCO"]

1. d4 Nf6 2. Nf3 e6 3. g3 b5 4. Bg2 Bb7 5. a4 b4 6. c4 bxc3 7. bxc3 d6 8. Nbd2
Nbd7 9. O-O Be7 10. Re1 O-O 11. e4 h6 12. c4 Rb8 13. Qc2 e5 14. d5 Nc5 15. Ba3
Nfd7 16. Reb1 Ba6 17. a5 Rxb1+ 18. Rxb1 Qa8 19. Bh3 Rb8 20. Bf1 Rxb1 21. Nxb1
Qb8 22. Nbd2 Bg5 23. h4 Bxd2 24. Nxd2 g6 25. Kg2 Kh7 26. Be2 Kg7 27. h5 g5 28.
g4 Bc8 29. f3 f6 30. Bd1 Qb7 31. Qc3 Kg8 32. Be2 Kh7 33. Kf2 Kg8 1/2-1/2

[Event "España tch 1A 2011"]
[Site "Sabadell ESP"]
[Date "2011.08.29"]
[Round "1.1"]
[White "Alsina Leal, Daniel"]
[Black "Iturrizaga, Eduardo"]
[Result "1/2-1/2"]
[WhiteElo "2549"]
[BlackElo "2603"]
[PlyCount "62"]
[EventDate "2011.08.29"]
[EventType "team"]
[EventRounds "5"]
[EventCountry "ESP"]
[Source "lmi"]
[SourceDate "2011.08.29"]
[WhiteTeam "UNIO GRACIENCA D'ESCACS"]
[BlackTeam "EQUIGOMA - CASA SOCIAL CATOLICA"]

1. e4 c6 2. d4 d5 3. e5 Bf5 4. Nf3 e6 5. Be2 c5 6. Be3 cxd4 7. Nxd4 Ne7 8. Nd2
Nbc6 9. N2f3 Be4 10. O-O Bxf3 11. Nxf3 Ng6 12. c4 dxc4 13. Bxc4 Be7 14. Bb5 Qc7
15. Bxc6+ bxc6 16. Qc2 O-O 17. Qc3 Qb7 18. Rac1 c5 19. Rfd1 Rfd8 20. b3 Rd5 21.
Rxd5 Qxd5 22. h3 h6 23. Qc4 Qb7 24. Bxc5 Rc8 25. b4 a5 26. a3 axb4 27. axb4 Nf8
28. Qf4 Bxc5 29. Rxc5 Rxc5 30. bxc5 Nd7 31. Qd4 Qc8 1/2-1/2

[Event "España tch 1A 2011"]
[Site "Sabadell ESP"]
[Date "2011.08.29"]
[Round "1.2"]
[White "Kovalyov, Anton"]
[Black "Gonzalez Garcia, Jose"]
[Result "1-0"]
[WhiteElo "2612"]
[BlackElo "2522"]
[PlyCount "101"]
[EventDate "2011.08.29"]
[EventType "team"]
[EventRounds "5"]
[EventCountry "ESP"]
[Source "lmi"]
[SourceDate "2011.08.29"]
[WhiteTeam "EQUIGOMA - CASA SOCIAL CATOLICA"]
[BlackTeam "UNIO GRACIENCA D'ESCACS"]

1. c4 e5 2. Nc3 Nf6 3. Nf3 Nc6 4. a3 d5 5. cxd5 Nxd5 6. Qc2 Nxc3 7. dxc3 Be7 8.
e4 Be6 9. b4 O-O 10. Bd3 a6 11. O-O Bg4 12. Be2 Bxf3 13. Bxf3 Bg5 14. Rd1 Qf6
15. Bb2 Rfd8 16. Bg4 g6 17. Qe2 Rxd1+ 18. Rxd1 h5 19. Bh3 Rd8 20. g3 h4 21. Kg2
hxg3 22. hxg3 Na7 23. c4 Nc6 24. f4 Rxd1 25. Qxd1 Bxf4 26. gxf4 Qxf4 27. Qd3
Qg5+ 28. Kf2 Qf6+ 29. Kg3 Nd4 30. Bxd4 exd4 31. Kg2 Qg5+ 32. Kf2 Qf4+ 33. Ke2
b6 34. Bc8 Qh2+ 35. Kd1 Qg1+ 36. Kc2 a5 37. bxa5 bxa5 38. Kb3 c5 39. e5 Kg7 40.
e6 f5 41. Ka4 Qe3 42. Qb1 Qf4 43. Qb5 d3 44. Qd7+ Kh6 45. e7 Qxc4+ 46. Kxa5
Qc3+ 47. Kb6 d2 48. e8=Q Qb3+ 49. Kc7 d1=Q 50. Qh8+ Kg5 51. Qhd8+ 1-0

[Event "España tch 1A 2011"]
[Site "Sabadell ESP"]
[Date "2011.08.29"]
[Round "1.3"]
[White "Vila Gazquez, Xavier"]
[Black "Hernando Pertierra, Jose C"]
[Result "1/2-1/2"]
[WhiteElo "2487"]
[BlackElo "2397"]
[PlyCount "61"]
[EventDate "2011.08.29"]
[EventType "team"]
[EventRounds "5"]
[EventCountry "ESP"]
[Source "lmi"]
[SourceDate "2011.08.29"]
[WhiteTeam "UNIO GRACIENCA D'ESCACS"]
[BlackTeam "EQUIGOMA - CASA SOCIAL CATOLICA"]

1. e4 g6 2. d4 Bg7 3. Nc3 c6 4. f4 d5 5. e5 h5 6. Nf3 Nh6 7. Be3 Bf5 8. Be2 Nd7
9. Qd2 e6 10. h3 b5 11. Bf2 a5 12. O-O Bf8 13. Bh4 Be7 14. Bxe7 Kxe7 15. Nd1
Kf8 16. Ng5 Kg7 17. Nf2 h4 18. Nd1 b4 19. Ne3 c5 20. c3 bxc3 21. bxc3 cxd4 22.
cxd4 Qb6 23. Rf2 Rab8 24. Rc1 Qb4 25. Qxb4 axb4 26. Re1 Rhc8 27. Nf3 Be4 28.
Nxh4 Nb6 29. Rff1 Nd7 30. Bf3 Bxf3 31. Nxf3 1/2-1/2

[Event "España tch 1A 2011"]
[Site "Sabadell ESP"]
[Date "2011.08.29"]
[Round "1.4"]
[White "Gonzalez De La Nava, Amador"]
[Black "Fluvia Poyatos, Jordi"]
[Result "0-1"]
[WhiteElo "2297"]
[BlackElo "2469"]
[PlyCount "104"]
[EventDate "2011.08.29"]
[EventType "team"]
[EventRounds "5"]
[EventCountry "ESP"]
[Source "lmi"]
[SourceDate "2011.08.29"]
[WhiteTeam "EQUIGOMA - CASA SOCIAL CATOLICA"]
[BlackTeam "UNIO GRACIENCA D'ESCACS"]

1. d4 g6 2. e4 d6 3. Nc3 Nf6 4. Nf3 Bg7 5. Be3 a6 6. a4 O-O 7. a5 d5 8. exd5
Nxd5 9. Nxd5 Qxd5 10. c4 Qd8 11. Be2 c5 12. Qd2 cxd4 13. Bxd4 Bxd4 14. Qxd4 Nc6
15. Qc3 e5 16. O-O Qe7 17. Rfe1 Rd8 18. Bf1 f6 19. Nd2 Bf5 20. Nb3 Qb4 21. Qxb4
Nxb4 22. Ra4 Nc2 23. Rc1 Rac8 24. c5 Be6 25. Bc4 Kf7 26. Kf1 Nd4 27. Rb4 Bxc4+
28. Rcxc4 Nb5 29. Ke2 Rc6 30. f4 Rc7 31. fxe5 fxe5 32. Ke3 Rd1 33. Nd2 Ke8 34.
Ne4 Rd4 35. Nf6+ Ke7 36. Ne4 Rc6 37. Rxd4 exd4+ 38. Kd3 Kd7 39. Ng5 Rxc5 40.
Nxh7 Rc1 41. Nf6+ Ke6 42. Ng4 Kd5 43. Nf6+ Kc5 44. Ra4 Rd1+ 45. Ke2 Rb1 46. Ra2
Kb4 47. Ne4 Kb3 48. Nd2+ Kxa2 49. Nxb1 Kxb1 50. Kd3 Kxb2 51. h4 Kb3 52. g4 Kb4
0-1

[Event "España tch 1A 2011"]
[Site "Sabadell ESP"]
[Date "2011.08.30"]
[Round "2.1"]
[White "Glud, Jakob Vang"]
[Black "Iturrizaga, Eduardo"]
[Result "0-1"]
[WhiteElo "2496"]
[BlackElo "2603"]
[PlyCount "76"]
[EventDate "2011.08.29"]
[EventType "team"]
[EventRounds "5"]
[EventCountry "ESP"]
[Source "lmi"]
[SourceDate "2011.08.29"]
[WhiteTeam "C.A.  BINISSALEM"]
[BlackTeam "EQUIGOMA - CASA SOCIAL CATOLICA"]

1. c4 Nf6 2. g3 e6 3. Bg2 d5 4. Nf3 dxc4 5. Qa4+ Nbd7 6. Qxc4 a6 7. O-O c5 8.
b3 b5 9. Qc2 Bb7 10. Bb2 Be7 11. d3 O-O 12. Nbd2 Qb6 13. a3 Rac8 14. Rac1 Rfd8
15. Rfd1 Qa7 16. Qb1 Nb6 17. Qa1 a5 18. d4 c4 19. bxc4 bxc4 20. Ne5 Bxg2 21.
Kxg2 Qa6 22. Qa2 c3 23. Bxc3 Qxe2 24. Re1 Qa6 25. Ndf3 Nbd5 26. Bd2 h6 27. a4
Bb4 28. Rc4 Bxd2 29. Rxc8 Rxc8 30. Qxd2 Rc3 31. Qb2 Qc8 32. Qb5 Qa8 33. Rb1 Nb4
34. Re1 Ng4 35. Kg1 Nd3 36. Qd7 Nxe1 37. Qxf7+ Kh7 38. Qg6+ Kh8 0-1

[Event "España tch 1A 2011"]
[Site "Sabadell ESP"]
[Date "2011.08.30"]
[Round "2.2"]
[White "Kovalyov, Anton"]
[Black "Fernandez Romero, Ernesto"]
[Result "1-0"]
[WhiteElo "2612"]
[BlackElo "2479"]
[PlyCount "113"]
[EventDate "2011.08.29"]
[EventType "team"]
[EventRounds "5"]
[EventCountry "ESP"]
[Source "lmi"]
[SourceDate "2011.08.29"]
[WhiteTeam "EQUIGOMA - CASA SOCIAL CATOLICA"]
[BlackTeam "C.A.  BINISSALEM"]

1. Nf3 Nf6 2. c4 g6 3. Nc3 Bg7 4. e4 d6 5. d4 O-O 6. Be2 Bg4 7. Be3 Nfd7 8. Rc1
c5 9. d5 Na6 10. O-O Nc7 11. h3 Bxf3 12. Bxf3 a6 13. a4 e6 14. dxe6 Nxe6 15.
Qxd6 Ne5 16. Qxd8 Rfxd8 17. Nd5 Nd3 18. Rc2 Nxb2 19. Rb1 Nxa4 20. Rxb7 Rdb8 21.
Rxb8+ Rxb8 22. Ra2 Rb1+ 23. Kh2 Ra1 24. Rxa1 Bxa1 25. Bd1 Nc3 26. Nxc3 Bxc3 27.
f4 Nd4 28. Kg1 Kf8 29. Kf2 Ke7 30. Bc1 Nc6 31. Ke2 Bd4 32. e5 f6 33. exf6+ Kxf6
34. Bd2 Ke6 35. Kd3 Bf6 36. Ke4 h6 37. Ba4 Nd4 38. Ba5 Kd6 39. Be1 g5 40. fxg5
Bxg5 41. Bg3+ Ke6 42. Bd1 a5 43. Be1 Bd8 44. Bd2 h5 45. Kf4 Nc6 46. Kg3 Nb4 47.
Bxb4 axb4 48. Kf4 Bh4 49. Bc2 Be1 50. Bb1 Bd2+ 51. Kf3 h4 52. Kg4 Bc1 53. Kxh4
Ke5 54. Bc2 b3 55. Bxb3 Bd2 56. Ba2 Bc1 57. Kh5 1-0

[Event "España tch 1A 2011"]
[Site "Sabadell ESP"]
[Date "2011.08.30"]
[Round "2.3"]
[White "Mirzoev, Azer"]
[Black "Hernando Pertierra, Jose C"]
[Result "1-0"]
[WhiteElo "2415"]
[BlackElo "2397"]
[PlyCount "92"]
[EventDate "2011.08.29"]
[EventType "team"]
[EventRounds "5"]
[EventCountry "ESP"]
[Source "lmi"]
[SourceDate "2011.08.29"]
[WhiteTeam "C.A.  BINISSALEM"]
[BlackTeam "EQUIGOMA - CASA SOCIAL CATOLICA"]

1. d4 g6 2. e4 Bg7 3. Nc3 c6 4. Nf3 d5 5. h3 a6 6. Bf4 dxe4 7. Nxe4 Qa5+ 8. Bd2
Qc7 9. Bc4 Nh6 10. O-O O-O 11. c3 Nd7 12. Qc1 Nf5 13. Bf4 Qd8 14. Re1 Nb6 15.
Bb3 Nd5 16. Be5 Bh6 17. Qc2 Nd6 18. Nc5 b6 19. Nd3 a5 20. a3 Ba6 21. c4 Nf6 22.
Rad1 Nde8 23. Bh2 e6 24. Nde5 Rc8 25. c5 b5 26. Nxf7 Kxf7 27. Bxe6+ Kg7 28.
Bxc8 Bxc8 29. d5 Nxd5 30. Nd4 Bf4 31. Bxf4 Nxf4 32. Ne6+ Nxe6 33. Rxd8 Nxd8 34.
Re7+ Nf7 35. Qc3+ Kg8 36. Qxa5 Nf6 37. Ra7 Ne5 38. b3 Bd7 39. a4 bxa4 40. bxa4
Rf7 41. Qd8+ Kg7 42. a5 Nh5 43. Qa8 Nf4 44. Qd8 Nfd3 45. Qc7 Kg8 46. Qd6 Rg7
1-0

[Event "España tch 1A 2011"]
[Site "Sabadell ESP"]
[Date "2011.08.30"]
[Round "2.4"]
[White "Gonzalez De La Nava, Amador"]
[Black "Mascaro March, Pedro"]
[Result "0-1"]
[WhiteElo "2297"]
[BlackElo "2413"]
[PlyCount "50"]
[EventDate "2011.08.29"]
[EventType "team"]
[EventRounds "5"]
[EventCountry "ESP"]
[Source "lmi"]
[SourceDate "2011.08.29"]
[WhiteTeam "EQUIGOMA - CASA SOCIAL CATOLICA"]
[BlackTeam "C.A.  BINISSALEM"]

1. d4 Nf6 2. Nf3 d5 3. c4 e6 4. Nc3 Be7 5. Bg5 O-O 6. e3 Nbd7 7. Rc1 a6 8. cxd5
exd5 9. Bd3 c6 10. O-O Re8 11. Qb3 Nb6 12. Rfe1 Be6 13. Ne2 h6 14. Bh4 a5 15.
a4 g5 16. Bg3 Ne4 17. Nc3 Nxg3 18. hxg3 Kg7 19. Bb1 Rh8 20. Ne5 h5 21. Qc2 Bd6
22. Ne2 h4 23. f4 hxg3 24. Nxg3 gxf4 25. exf4 Qh4 0-1

[Event "España tch 1A 2011"]
[Site "Sabadell ESP"]
[Date "2011.08.30"]
[Round "2.1"]
[White "Genov, Petar"]
[Black "Alsina Leal, Daniel"]
[Result "1/2-1/2"]
[WhiteElo "2428"]
[BlackElo "2549"]
[PlyCount "101"]
[EventDate "2011.08.29"]
[EventType "team"]
[EventRounds "5"]
[EventCountry "ESP"]
[Source "lmi"]
[SourceDate "2011.08.29"]
[WhiteTeam "CLUB AJEDREZ DE SILLA"]
[BlackTeam "UNIO GRACIENCA D'ESCACS"]

1. Nf3 Nf6 2. b3 g6 3. Bb2 Bg7 4. e3 O-O 5. c4 c5 6. Be2 Nc6 7. O-O d5 8. Ne5
d4 9. Nxc6 bxc6 10. Bf3 Qd6 11. exd4 cxd4 12. Ba3 Qc7 13. d3 Re8 14. Nd2 Rb8
15. b4 a5 16. b5 cxb5 17. cxb5 Rxb5 18. Rc1 Qb8 19. Bc6 Rh5 20. g3 Bd7 21. Rb1
Qc7 22. Bf3 Rb5 23. Rc1 Qa7 24. Re1 Bf8 25. Nc4 Nd5 26. Bxd5 Rxd5 27. Ne5 Be6
28. Qa4 Ra8 29. Nc6 Qd7 30. Rc4 Rh5 31. Qc2 Qe8 32. Rc5 Rxc5 33. Qxc5 Rc8 34.
Nxe7+ Qxe7 35. Qxe7 Bxe7 36. Bxe7 Kg7 37. Bd6 Bxa2 38. Be5+ f6 39. Bxd4 Bd5 40.
f4 Kf7 41. Rb1 Ra8 42. Rb5 Ke6 43. Rb6+ Kd7 44. Bxf6 a4 45. Be5 Bg8 46. Rb8
Rxb8 47. Bxb8 a3 48. Be5 a2 49. g4 Bb3 50. Kf2 Ke6 51. Ba1 1/2-1/2

[Event "España tch 1A 2011"]
[Site "Sabadell ESP"]
[Date "2011.08.30"]
[Round "2.2"]
[White "Vila Gazquez, Xavier"]
[Black "Martinez Villar, Jesus"]
[Result "1-0"]
[WhiteElo "2487"]
[BlackElo "2096"]
[PlyCount "50"]
[EventDate "2011.08.29"]
[EventType "team"]
[EventRounds "5"]
[EventCountry "ESP"]
[Source "lmi"]
[SourceDate "2011.08.29"]
[WhiteTeam "UNIO GRACIENCA D'ESCACS"]
[BlackTeam "CLUB AJEDREZ DE SILLA"]

1. e4 c5 2. Nf3 d6 3. d4 cxd4 4. Nxd4 Nf6 5. Nc3 a6 6. g3 e5 7. Nb3 Nbd7 8. Bg2
b5 9. O-O Be7 10. a4 b4 11. Nd5 Nxd5 12. Qxd5 Qc7 13. Bd2 Nb6 14. Qa5 Rb8 15.
Qxb4 Bd7 16. Na5 Nxa4 17. Qc4 Nc5 18. Rfb1 O-O 19. b4 Ne6 20. Qxc7 Nxc7 21. c4
Rfc8 22. Bf1 Ne6 23. Bc3 Nd4 24. Bd3 Be6 25. f4 Bd8 1-0

[Event "España tch 1A 2011"]
[Site "Sabadell ESP"]
[Date "2011.08.30"]
[Round "2.3"]
[White "Penades Ordaz, Victor"]
[Black "Fluvia Poyatos, Joan"]
[Result "0-1"]
[WhiteElo "2086"]
[BlackElo "2482"]
[PlyCount "68"]
[EventDate "2011.08.29"]
[EventType "team"]
[EventRounds "5"]
[EventCountry "ESP"]
[Source "lmi"]
[SourceDate "2011.08.29"]
[WhiteTeam "CLUB AJEDREZ DE SILLA"]
[BlackTeam "UNIO GRACIENCA D'ESCACS"]

1. e4 c5 2. Nf3 Nc6 3. c4 e5 4. Nc3 d6 5. h3 Be7 6. Nd5 f5 7. Bd3 g6 8. Ng1 Nh6
9. a3 O-O 10. Ne2 Be6 11. Bc2 Bxd5 12. cxd5 Nd4 13. d3 Bg5 14. Bd2 f4 15. Nxd4
exd4 16. Qf3 Nf7 17. h4 Bh6 18. Qh3 Ne5 19. h5 g5 20. f3 Kh8 21. b3 a6 22. a4
b6 23. Kf1 Ra7 24. Ke2 g4 25. Qh4 Qe8 26. b4 Rg7 27. Raf1 Qc8 28. Bb3 b5 29.
bxc5 dxc5 30. axb5 axb5 31. Qf2 Rfg8 32. Qh4 Qf8 33. Bc2 c4 34. Kd1 cxd3 0-1

[Event "España tch 1A 2011"]
[Site "Sabadell ESP"]
[Date "2011.08.30"]
[Round "2.4"]
[White "Fluvia Poyatos, Jordi"]
[Black "Leon Colan, Carlos Edmundo"]
[Result "1-0"]
[WhiteElo "2469"]
[BlackElo "1981"]
[PlyCount "75"]
[EventDate "2011.08.29"]
[EventType "team"]
[EventRounds "5"]
[EventCountry "ESP"]
[Source "lmi"]
[SourceDate "2011.08.29"]
[WhiteTeam "UNIO GRACIENCA D'ESCACS"]
[BlackTeam "CLUB AJEDREZ DE SILLA"]

1. e4 c5 2. Nf3 Nc6 3. d4 cxd4 4. Nxd4 g6 5. c4 Bg7 6. Be3 Nf6 7. Nc3 O-O 8.
Be2 b6 9. O-O Bb7 10. f3 d6 11. Qd2 Re8 12. Rfd1 Qc8 13. Rac1 Nxd4 14. Bxd4 Nh5
15. Be3 Bf8 16. Nd5 Qd7 17. g4 Ng7 18. f4 Rec8 19. b3 Ne8 20. h3 Bg7 21. Bf3
Rab8 22. a4 Bxd5 23. exd5 Nc7 24. Kh2 a5 25. g5 f5 26. h4 Na6 27. Bd4 Rf8 28.
Bxg7 Kxg7 29. h5 Nc5 30. Rc3 Rf7 31. Kg2 Rg8 32. h6+ Kf8 33. Re3 Na6 34. c5
Nxc5 35. b4 Ne4 36. Qb2 e5 37. dxe6 Qxe6 38. bxa5 1-0

[Event "España tch 1A 2011"]
[Site "Sabadell ESP"]
[Date "2011.08.30"]
[Round "2.1"]
[White "Moskalenko, Viktor"]
[Black "Gyimesi, Zoltan"]
[Result "1/2-1/2"]
[WhiteElo "2591"]
[BlackElo "2646"]
[PlyCount "36"]
[EventDate "2011.08.29"]
[EventType "team"]
[EventRounds "5"]
[EventCountry "ESP"]
[Source "lmi"]
[SourceDate "2011.08.29"]
[WhiteTeam "ESCOLA D,ESCACS DE BARCELONA"]
[BlackTeam "MERIDA PATRIMONIO - AJOBLANCO"]

1. d4 Nf6 2. c4 e6 3. Nc3 Bb4 4. f3 d5 5. a3 Bxc3+ 6. bxc3 c5 7. cxd5 Nxd5 8.
dxc5 Qa5 9. e4 Nf6 10. Be3 O-O 11. Qb3 Nfd7 12. Rd1 Qc7 13. Qb4 Nc6 14. Qa4
Nce5 15. Qd4 Nc6 16. Qa4 Nce5 17. Qd4 Nc6 18. Qa4 Nce5 1/2-1/2

[Event "España tch 1A 2011"]
[Site "Sabadell ESP"]
[Date "2011.08.30"]
[Round "2.2"]
[White "Spraggett, Kevin"]
[Black "Oms Pallisse, Josep"]
[Result "1/2-1/2"]
[WhiteElo "2573"]
[BlackElo "2489"]
[PlyCount "66"]
[EventDate "2011.08.29"]
[EventType "team"]
[EventRounds "5"]
[EventCountry "ESP"]
[Source "lmi"]
[SourceDate "2011.08.29"]
[WhiteTeam "MERIDA PATRIMONIO - AJOBLANCO"]
[BlackTeam "ESCOLA D,ESCACS DE BARCELONA"]

1. d4 Nf6 2. c4 e6 3. Nf3 b6 4. a3 Ba6 5. Qc2 Bb7 6. Nc3 c5 7. dxc5 Bxc5 8. Bf4
O-O 9. Rd1 Nc6 10. b4 Be7 11. e4 Nh5 12. Bc1 d6 13. Be2 Qb8 14. O-O Nf6 15.
Rfe1 h6 16. Bf1 Rc8 17. h3 Bf8 18. Qb3 Ne7 19. Bb2 Ng6 20. Re3 a6 21. Nd2 Nd7
22. Ne2 Be7 23. Nd4 Ndf8 24. g3 Qc7 25. Bg2 Re8 26. Rc1 Rac8 27. Ree1 Qb8 28.
Qe3 Nd7 29. Qb3 Bf6 30. f4 Be7 31. Kh1 Bf6 32. Rf1 Be7 33. Rce1 Bf6 1/2-1/2

[Event "España tch 1A 2011"]
[Site "Sabadell ESP"]
[Date "2011.08.30"]
[Round "2.3"]
[White "Cruz, Cristhian"]
[Black "Llanes Hurtado, Miguel"]
[Result "1-0"]
[WhiteElo "2470"]
[BlackElo "2484"]
[PlyCount "98"]
[EventDate "2011.08.29"]
[EventType "team"]
[EventRounds "5"]
[EventCountry "ESP"]
[Source "lmi"]
[SourceDate "2011.08.29"]
[WhiteTeam "ESCOLA D,ESCACS DE BARCELONA"]
[BlackTeam "MERIDA PATRIMONIO - AJOBLANCO"]

1. c4 Nf6 2. Nc3 c5 3. g3 g6 4. Bg2 Bg7 5. Nf3 d5 6. cxd5 Nxd5 7. O-O Nc6 8.
Ng5 Nxc3 9. dxc3 Qxd1 10. Rxd1 Bg4 11. Bd5 O-O 12. f3 Bf5 13. Be3 Bh6 14. h4
Rac8 15. Bxc5 b6 16. Bf2 Ne5 17. e4 Bxg5 18. exf5 Bf6 19. fxg6 hxg6 20. Kg2
Rfd8 21. f4 Nd7 22. Rd2 Nc5 23. Rad1 e6 24. Bf3 Na4 25. Be3 Rxd2+ 26. Rxd2 Rc7
27. Be2 Kf8 28. Kf3 Ke7 29. Rd1 Bg7 30. g4 f5 31. gxf5 gxf5 32. h5 Bf6 33. Rd2
Nc5 34. Rd1 Nb7 35. Bf2 Nd6 36. Be3 Rc8 37. Bf2 Nb7 38. Bb5 a5 39. a4 Nc5 40.
Rh1 Rg8 41. h6 Kf7 42. h7 Rh8 43. b4 Ne4 44. Bxb6 e5 45. bxa5 exf4 46. a6 Ng5+
47. Kxf4 Rc8 48. h8=N+ Kg7 49. a7 Rxc3 1-0